[Event "VII C.to Italiano U20"]
[Site "Laveno-Mombello ITA"]
[Date "1999.08.18"]
[Round "8"]
[White "Arnetta, Marianna"]
[Black "Gianfrancesco, Alessandro"]
[Result "1-0"]
[WhiteElo "1714"]
[BlackElo "1624"]
[PlyCount "93"]
[EventDate "1999.08.11"]

1. Nf3 d5 2. g3 Nf6 3. Bg2 Bg4 4. c4 e6 5. d3 Bd6 6. Bg5 O-O 7. Nc3 c6 8. Qa4
Bxf3 9. Bxf3 h6 10. Bd2 Qb6 11. Qc2 Nbd7 12. Na4 Qc7 13. O-O dxc4 14. dxc4 Ne5
15. Bg2 Rad8 16. c5 Be7 17. Bf4 Nd5 18. Bd2 Ng6 19. e4 Nf6 20. Bc3 e5 21. b4
Rd7 22. Bh3 Rdd8 23. Nb2 Nd7 24. Nc4 b6 25. cxb6 axb6 26. Rfd1 Rfe8 27. Bxd7
Rxd7 28. Rxd7 Qxd7 29. Nxb6 Qg4 30. Nc4 Bg5 31. Qd1 Qh3 32. Qe2 Nh4 33. gxh4
Qxc3 34. Rd1 Bxh4 35. Nd6 Rd8 36. Nf5 Rxd1+ 37. Qxd1 Bf6 38. Qg4 Qc1+ 39. Kg2
Qg5 40. Qxg5 Bxg5 41. h4 Bf6 42. Kf3 Kf8 43. Ke3 h5 44. a4 g6 45. a5 Bd8 46.
Nd6 Bc7 47. Nc8 1-0

[Event "VII C.to Italiano U20"]
[Site "Laveno-Mombello ITA"]
[Date "1999.08.18"]
[Round "8"]
[White "Berni, Giorgio"]
[Black "Arnetta, Maria Teresa"]
[Result "1-0"]
[WhiteElo "1665"]
[BlackElo "1792"]
[PlyCount "131"]
[EventDate "1999.08.11"]

1. e4 c5 2. Nf3 e6 3. d4 cxd4 4. Nxd4 Nf6 5. Bd3 Nc6 6. Nxc6 bxc6 7. Qe2 d5 8.
Nd2 Qc7 9. O-O Be7 10. Kh1 e5 11. f4 exf4 12. e5 Bg4 13. Nf3 Nd7 14. Bxf4 Nc5
15. Qe3 Ne6 16. Nd4 Qb6 17. Nxe6 Bxe6 18. Qg3 g6 19. b3 h5 20. Bg5 h4 21. Qf4
h3 22. g3 Bxg5 23. Qxg5 Rh5 24. Qf6 Qd8 25. Qg7 Kd7 26. Rf6 Qg8 27. Rxg6 Qxg7
28. Rxg7 Rxe5 29. Rf1 Kd6 30. Rh7 Kc5 31. Rh4 a5 32. a4 Kd6 33. Kg1 c5 34. Rf6
Rc8 35. Kf2 Ke7 36. Rff4 Rg5 37. Bb5 Rc7 38. g4 Kd6 39. Kg3 Ke5 40. Rxh3 c4 41.
bxc4 d4 42. Rh5 Rxh5 43. gxh5 f5 44. h6 Bxc4 45. Bxc4 Rxc4 46. h7 Rc3+ 47. Rf3
Rc8 48. Rb3 Ke4 49. Rb7 Rc3+ 50. Kh4 Rxc2 51. Kg3 f4+ 52. Kg4 Rxh2 53. Re7+ Kd3
54. Kxf4 Kc3 55. Rc7+ Kd2 56. Rb7 Rh4+ 57. Kg3 Rh6 58. Rb2+ Kc3 59. Rh2 Rxh7
60. Rxh7 d3 61. Kf2 Kc2 62. Rd7 Kd2 63. Rd5 Kc2 64. Ke3 Kb3 65. Kxd3 Kxa4 66.
Kc3 1-0

[Event "VII C.to Italiano U20"]
[Site "Laveno-Mombello ITA"]
[Date "1999.08.18"]
[Round "8"]
[White "Bonzano, Maria Angela"]
[Black "Biasoli, Marco"]
[Result "1-0"]
[WhiteElo "1593"]
[BlackElo "1600"]
[PlyCount "49"]
[EventDate "1999.08.11"]

1. d4 d5 2. c4 e6 3. Nc3 Nf6 4. Bg5 Be7 5. e3 O-O 6. cxd5 exd5 7. Bd3 Nc6 8. a3
h6 9. Bh4 Re8 10. Nf3 Bg4 11. O-O Ne4 12. Bxe7 Rxe7 13. Be2 Nxc3 14. bxc3 Qd6
15. Qc2 Qf6 16. Rfc1 Rae8 17. c4 dxc4 18. Qxc4 Re4 19. Qb5 Rb8 20. Rab1 Re6 21.
d5 a6 22. Qb2 Rd6 23. dxc6 Qg6 24. Ne5 Qh5 25. Nxg4 1-0

[Event "VII C.to Italiano U20"]
[Site "Laveno-Mombello ITA"]
[Date "1999.08.18"]
[Round "8"]
[White "Cacco, Christian"]
[Black "Loetscher, Roland"]
[Result "1/2-1/2"]
[WhiteElo "2292"]
[BlackElo "2209"]
[PlyCount "32"]
[EventDate "1999.08.11"]

1. d4 Nf6 2. Nf3 c5 3. c3 b6 4. Bg5 e6 5. Nbd2 Bb7 6. e3 Be7 7. Bd3 h6 8. Bh4
cxd4 9. exd4 O-O 10. O-O d6 11. Qe2 Nbd7 12. a4 Nh5 13. Bg3 Ndf6 14. Ne1 Nxg3
15. hxg3 Re8 16. a5 Nd5 1/2-1/2

[Event "VII C.to Italiano U20"]
[Site "Laveno-Mombello ITA"]
[Date "1999.08.18"]
[Round "8"]
[White "Coratella, Giuseppe"]
[Black "Lorusso, Giuseppe"]
[Result "1-0"]
[WhiteElo "2098"]
[BlackElo "1528"]
[PlyCount "53"]
[EventDate "1999.08.11"]

1. e4 c5 2. Nf3 Nc6 3. d4 cxd4 4. Nxd4 Nf6 5. Nc3 d6 6. Bg5 e6 7. Qd2 Be7 8.
O-O-O O-O 9. f3 Qb6 10. Be3 Qd8 11. g4 a6 12. h4 Qc7 13. h5 b5 14. g5 Nd7 15.
g6 Nxd4 16. gxh7+ Kh8 17. Bxd4 e5 18. Nd5 Qd8 19. Be3 Bb7 20. Nxe7 Qxe7 21.
Qxd6 Qxd6 22. Rxd6 Nf6 23. h6 Ne8 24. hxg7+ Nxg7 25. Bg5 Ne8 26. Rb6 Bc8 27.
Be7 1-0

[Event "VII C.to Italiano U20"]
[Site "Laveno-Mombello ITA"]
[Date "1999.08.18"]
[Round "8"]
[White "Costantini, Roberto"]
[Black "Mazzilli, Piero"]
[Result "1-0"]
[WhiteElo "2196"]
[BlackElo "2131"]
[PlyCount "57"]
[EventDate "1999.08.11"]

1. e4 c5 2. Nf3 d6 3. d4 cxd4 4. Nxd4 Nf6 5. Nc3 a6 6. Be3 Ng4 7. Bc1 Nf6 8. f3
e5 9. Nb3 Be7 10. Be3 Be6 11. Qd2 Nc6 12. Nd5 Bxd5 13. exd5 Nb8 14. O-O-O Nbd7
15. Qf2 Qc7 16. Kb1 b5 17. g4 h6 18. h4 Rb8 19. Bh3 Nb6 20. Bxb6 Qxb6 21. Qd2
b4 22. Qg2 a5 23. g5 Nh5 24. g6 f6 25. Be6 Bd8 26. Bf7+ Ke7 27. Qg4 Nf4 28.
Rhe1 h5 29. Qxf4 1-0

[Event "VII C.to Italiano U20"]
[Site "Laveno-Mombello ITA"]
[Date "1999.08.18"]
[Round "8"]
[White "De Bortoli, Peter"]
[Black "Genocchio, Daniele"]
[Result "1/2-1/2"]
[WhiteElo "2225"]
[BlackElo "2291"]
[PlyCount "122"]
[EventDate "1999.08.11"]

1. e4 c5 2. Nf3 Nc6 3. d4 cxd4 4. Nxd4 Nf6 5. Nc3 e5 6. Ndb5 d6 7. Bg5 a6 8.
Na3 b5 9. Bxf6 gxf6 10. Nd5 Bg7 11. c3 f5 12. exf5 Bxf5 13. Nc2 O-O 14. Be2 Be6
15. O-O f5 16. f4 Rb8 17. Kh1 a5 18. Nce3 Ne7 19. Qd2 Kh8 20. a4 b4 21. Rad1
Ng6 22. Bb5 bxc3 23. bxc3 exf4 24. Nxf4 Nxf4 25. Rxf4 Be5 26. Nc4 Qf6 27. Nxe5
dxe5 28. Rff1 Rbd8 29. Qe2 Bd5 30. c4 Be4 31. c5 Rxd1 32. Qxd1 Rg8 33. Rf2 Qh4
34. Kg1 f4 35. Bf1 Qg5 36. Qe1 Bc6 37. Qxa5 h5 38. Qc7 Rg6 39. h4 Qf6 40. Rd2
f3 41. Qd8+ Qxd8 42. Rxd8+ Kg7 43. Rd6 Rxd6 44. cxd6 Bxa4 45. gxf3 Bd7 46. Kf2
Kf6 47. Bc4 Bc6 48. Ke3 Kf5 49. Bd5 Bb5 50. Kd2 Kf4 51. Kc3 Kg3 52. Kb4 Bd7 53.
Kc5 Kxh4 54. Bf7 Kg5 55. Kd5 Kf5 56. Bxh5 Kf4 57. Bg4 Ba4 58. Bc8 Kxf3 59. Kxe5
Ke3 60. Bb7 Bd7 61. Be4 Be8 1/2-1/2

[Event "VII C.to Italiano U20"]
[Site "Laveno-Mombello ITA"]
[Date "1999.08.18"]
[Round "8"]
[White "Drabke, Lorenz Maximilian"]
[Black "Jovanovic, Zoran"]
[Result "1/2-1/2"]
[WhiteElo "2102"]
[BlackElo "2310"]
[PlyCount "217"]
[EventDate "1999.08.11"]

1. e4 c5 2. Nf3 d6 3. d4 cxd4 4. Nxd4 Nf6 5. f3 g6 6. Nc3 Bg7 7. Be3 Nc6 8. Qd2
O-O 9. O-O-O Nxd4 10. Bxd4 Be6 11. Kb1 Qc7 12. g4 Rfc8 13. h4 Qa5 14. Qg5 Qxg5
15. hxg5 Nd7 16. Bxg7 Kxg7 17. Be2 Nb6 18. Rd4 Rc5 19. f4 Rh8 20. Kc1 h6 21.
gxh6+ Rxh6 22. Rxh6 Kxh6 23. g5+ Kg7 24. Na4 Nxa4 25. Rxa4 a6 26. Rd4 f6 27.
gxf6+ Kxf6 28. Rb4 Bc8 29. Rd4 g5 30. fxg5+ Kxg5 31. Kd2 Kf4 32. Bd3 Bd7 33.
Rb4 b5 34. Rd4 Bc6 35. a4 bxa4 36. Bxa6 Ke5 37. c3 Ra5 38. Bd3 a3 39. bxa3 Rxa3
40. Rc4 Ba8 41. Rc7 e6 42. Ke3 Ra4 43. Rc4 Ra1 44. Rb4 Bc6 45. Rc4 Be8 46. Rc8
Bg6 47. Rg8 Bxe4 48. Bxe4 Re1+ 49. Kd3 Rxe4 50. Rg5+ Kf6 51. Ra5 Rg4 52. Ra6
Ke5 53. Ra5+ d5 54. Ra6 Rg3+ 55. Kd2 Kf5 56. Ra5 Ke4 57. Ra4+ Ke5 58. Ra6 Rh3
59. Ra4 Rf3 60. Ra6 Rf6 61. Ke3 Rg6 62. Ra4 Rg3+ 63. Kd2 Kf5 64. Ra5 Kf4 65.
Ra4+ Kf5 66. Ra5 Rh3 67. c4 Ke4 68. cxd5 exd5 69. Ra8 Rh2+ 70. Kd1 Rh3 71. Kd2
Rg3 72. Re8+ Kf4 73. Ra8 Rg2+ 74. Kd1 Ke4 75. Ra4+ d4 76. Ra3 Rf2 77. Rh3 Kd5
78. Rh5+ Kc4 79. Rh3 Rb2 80. Kc1 Re2 81. Kd1 Rf2 82. Ke1 Rc2 83. Kd1 Rc3 84.
Rh2 Rg3 85. Rc2+ Kd5 86. Re2 Ra3 87. Rb2 Ra4 88. Ke2 Ke4 89. Rb3 Kd5 90. Kd2
Kc4 91. Rh3 Ra2+ 92. Kd1 Rf2 93. Kc1 Rf8 94. Kc2 Ra8 95. Kd2 Ra2+ 96. Kd1 Rf2
97. Kc1 Kd5 98. Kd1 Ke4 99. Ke1 Ra2 100. Kd1 Rb2 101. Ke1 Rc2 102. Kd1 Rb2 103.
Ke1 Kd5 104. Kd1 Ke4 105. Ke1 Ra2 106. Kd1 Rb2 107. Ke1 Rc2 108. Kd1 Rb2 109.
Ke1 1/2-1/2

[Event "VII C.to Italiano U20"]
[Site "Laveno-Mombello ITA"]
[Date "1999.08.18"]
[Round "8"]
[White "Ferro, Mario"]
[Black "Mariano, Elia"]
[Result "1-0"]
[WhiteElo "1807"]
[BlackElo "2235"]
[PlyCount "77"]
[EventDate "1999.08.11"]

1. e4 d5 2. exd5 Qxd5 3. Nc3 Qa5 4. Bc4 Nf6 5. Nge2 Bf5 6. O-O e6 7. Nd4 Bg6 8.
Qe1 Be7 9. d3 Nbd7 10. Ncb5 Qb6 11. Bf4 Rc8 12. a4 c5 13. Bc7 Qa6 14. Nd6+ Bxd6
15. Bxa6 Bxc7 16. Bxb7 Rb8 17. Nxe6 fxe6 18. Qxe6+ Kd8 19. Qa6 Ne8 20. b3 Rf8
21. a5 Rf6 22. Qxa7 Nd6 23. Ba6 Bf7 24. d4 Bd5 25. dxc5 Rg6 26. f3 Ra8 27.
Qxa8+ Bxa8 28. cxd6 Bxd6 29. Bd3 Rh6 30. g3 Ne5 31. Rad1 Kc7 32. Bc4 Nd7 33.
Bd5 Bc5+ 34. Kg2 Ra6 35. Bxa8 Rxa8 36. c3 Bd6 37. b4 Be5 38. Rfe1 Ra6 39. Rxd7+
1-0

[Event "VII C.to Italiano U20"]
[Site "Laveno-Mombello ITA"]
[Date "1999.08.18"]
[Round "8"]
[White "Forato, Piero"]
[Black "Artizzu, Giulio"]
[Result "1/2-1/2"]
[WhiteElo "1665"]
[BlackElo "1825"]
[PlyCount "23"]
[EventDate "1999.08.11"]

1. e4 c5 2. Nf3 d6 3. d4 cxd4 4. Nxd4 Nf6 5. Nc3 Nc6 6. Be2 g6 7. O-O Bg7 8.
Be3 O-O 9. Kh1 a6 10. f4 Bd7 11. f5 Rc8 12. g4 1/2-1/2

[Event "VII C.to Italiano U20"]
[Site "Laveno-Mombello ITA"]
[Date "1999.08.18"]
[Round "8"]
[White "Ibba, Isacco"]
[Black "Iafelice, Vincenzo"]
[Result "0-1"]
[WhiteElo "1786"]
[BlackElo "1741"]
[PlyCount "72"]
[EventDate "1999.08.11"]

1. e4 g6 2. d4 Bg7 3. Nf3 d6 4. Be3 Nf6 5. Nc3 O-O 6. Qd2 a6 7. O-O-O b5 8. Bd3
Bb7 9. Ng5 Ng4 10. f3 Nxe3 11. Qxe3 Nd7 12. f4 c5 13. d5 Qa5 14. h4 b4 15. Ne2
Qxa2 16. h5 Qxb2+ 17. Kd2 Bc3+ 18. Nxc3 Qxc3+ 19. Ke2 Nf6 20. hxg6 fxg6 21.
Nxh7 Nxh7 22. e5 Bxd5 23. Qh3 Rf7 24. Qh6 dxe5 25. Qxg6+ Rg7 26. Qh5 Be4 27.
fxe5 Bxd3+ 28. Rxd3 Qxc2+ 29. Rd2 Qc4+ 30. Ke1 Qc1+ 31. Ke2 Qc4+ 32. Ke1 Qe4+
33. Re2 Qb1+ 34. Kd2 Rd8+ 35. Ke3 Qd3+ 36. Kf2 Qg3+ 0-1

[Event "VII C.to Italiano U20"]
[Site "Laveno-Mombello ITA"]
[Date "1999.08.18"]
[Round "8"]
[White "Lapiccirella, Daniele"]
[Black "Ganci, Fabrizio"]
[Result "1/2-1/2"]
[WhiteElo "1891"]
[BlackElo "1669"]
[PlyCount "92"]
[EventDate "1999.08.11"]

1. d4 f5 2. e4 fxe4 3. Nc3 Nf6 4. Bg5 Nc6 5. d5 Ne5 6. Qd4 Nf7 7. Bxf6 exf6 8.
O-O-O f5 9. f3 Bd6 10. fxe4 Be5 11. Qd2 d6 12. Nf3 Bf6 13. Kb1 O-O 14. Bd3 Ne5
15. exf5 Nxd3 16. Qxd3 Bxc3 17. Qxc3 Rxf5 18. Nd4 Rf6 19. Rde1 Bd7 20. Re2 Rc8
21. Rhe1 c5 22. Nf3 Bg4 23. Re3 h6 24. Qb3 Bxf3 25. Rxf3 Rc7 26. a3 c4 27. Qa4
Re7 28. Rxe7 Qxe7 29. Qxa7 Rxf3 30. gxf3 Qe1+ 31. Ka2 Qd1 32. Qxb7 Qxc2 33. Qb5
c3 34. Qb3 Qxh2 35. Qxc3 h5 36. a4 h4 37. a5 Qe2 38. Qc8+ Kh7 39. Qf5+ g6 40.
Qg4 Qe1 41. a6 Qa5+ 42. Kb3 Qxd5+ 43. Ka3 Qd3+ 44. Kb4 Qxa6 45. Qxh4+ Kg7 46.
Qd4+ Kh7 1/2-1/2

[Event "VII C.to Italiano U20"]
[Site "Laveno-Mombello ITA"]
[Date "1999.08.18"]
[Round "8"]
[White "Pavanello, Diego"]
[Black "Frassoldati, Giacomo"]
[Result "1-0"]
[WhiteElo "1609"]
[BlackElo "1579"]
[PlyCount "107"]
[EventDate "1999.08.11"]

1. d4 d5 2. c4 c6 3. Nc3 Nf6 4. cxd5 cxd5 5. Nf3 Nc6 6. Qb3 e6 7. Bf4 Bd6 8.
Bxd6 Qxd6 9. e3 a6 10. Rc1 O-O 11. Bd3 Bd7 12. O-O Na5 13. Qd1 Rac8 14. Qe2 Rc7
15. Ne5 b5 16. a3 Rfc8 17. f4 Nc6 18. Rf3 Ne4 19. Rcf1 f5 20. Bxe4 dxe4 21. Rh3
Be8 22. g4 b4 23. axb4 Qxb4 24. gxf5 exf5 25. Nd5 Nxd4 26. exd4 Qxd4+ 27. Ne3
Bb5 28. Qd1 Qxd1 29. Rxd1 Rc1 30. Rxc1 Rxc1+ 31. Kf2 Rb1 32. N3c4 Rd1 33. Rc3
Rh1 34. Nd6 g6 35. Nxb5 axb5 36. Kg2 Rd1 37. Rc2 b4 38. Kf2 b3 39. Re2 Rh1 40.
Ke3 Rc1 41. Kd2 Rc7 42. Kd1 Rb7 43. Rd2 Rb6 44. Ke2 h6 45. Ke3 Kg7 46. h4 Kh7
47. Rd7+ Kg8 48. Rc7 h5 49. Rc6 Rxc6 50. Nxc6 Kf7 51. Nd4 Ke7 52. Nxb3 Kd6 53.
Kd4 Ke6 54. Nc5+ 1-0

[Event "VII C.to Italiano U20"]
[Site "Laveno-Mombello ITA"]
[Date "1999.08.18"]
[Round "8"]
[White "Pelosin, Matteo"]
[Black "Tappeiner, Michael"]
[Result "1-0"]
[WhiteElo "1606"]
[BlackElo "1579"]
[PlyCount "110"]
[EventDate "1999.08.11"]

1. e4 e6 2. d4 d5 3. e5 c5 4. c3 Nc6 5. Be3 Qb6 6. Qd2 cxd4 7. cxd4 Bb4 8. Nc3
Nge7 9. Bd3 Bd7 10. a3 Bxc3 11. bxc3 O-O 12. Nf3 f5 13. exf6 Rxf6 14. Ne5 Qc7
15. Bf4 Re8 16. O-O Qd8 17. Nxc6 Bxc6 18. Be5 Rf7 19. Qg5 Ng6 20. Qh5 Nf8 21.
Rae1 h6 22. f4 Nd7 23. Bg6 Nxe5 24. dxe5 Rfe7 25. Bxe8 Bxe8 26. Qd1 Bg6 27. Qd4
b6 28. h3 Re8 29. Qe3 Be4 30. Rd1 Qc8 31. g4 Rf8 32. Qd4 Qd8 33. c4 Qh4 34. Kh2
Qe7 35. Qe3 Qb7 36. cxd5 Bxd5 37. f5 Rc8 38. Rc1 Rxc1 39. Rxc1 Qa6 40. fxe6
Bxe6 41. Rc6 Bd5 42. Rd6 Qc4 43. Qf2 Kh8 44. Qd2 Bg8 45. Qe3 Qa2+ 46. Kg3 Qc4
47. e6 Qc7 48. Qe5 Qe7 49. Rd2 Qxa3+ 50. Kh4 Qf8 51. Qf5 Qc8 52. e7 g5+ 53. Kg3
Qb8+ 54. Kg2 Qa8+ 55. Qf3 Qc8 1-0

[Event "VII C.to Italiano U20"]
[Site "Laveno-Mombello ITA"]
[Date "1999.08.18"]
[Round "8"]
[White "Rouchouse, Stevens"]
[Black "Dorighet, Claudio"]
[Result "0-1"]
[WhiteElo "2198"]
[BlackElo "2121"]
[PlyCount "76"]
[EventDate "1999.08.11"]

1. e4 c5 2. Nf3 d6 3. d4 cxd4 4. Nxd4 Nf6 5. Nc3 g6 6. Be3 Bg7 7. f3 Nc6 8. Qd2
O-O 9. O-O-O Nxd4 10. Bxd4 Be6 11. Kb1 Qc7 12. g4 Rfc8 13. h4 Qa5 14. a3 Rab8
15. Nd5 Qxd2 16. Rxd2 Bxd5 17. exd5 a6 18. Bh3 Rc7 19. Bb6 Rc4 20. Bf1 Rcc8 21.
Bh3 Rc4 22. Bf1 Rcc8 23. Bh3 Nd7 24. Bd4 Rc4 25. Bxg7 Kxg7 26. Rhd1 Ne5 27. Bg2
h6 28. Rd4 Rbc8 29. c3 g5 30. hxg5 hxg5 31. Kc2 Rh8 32. Kb3 Rc7 33. f4 gxf4 34.
Rxf4 Rh2 35. Be4 Nc4 36. Ka2 Nxb2 37. Rh1 Rxh1 38. Bxh1 Nd3 0-1

[Event "VII C.to Italiano U20"]
[Site "Laveno-Mombello ITA"]
[Date "1999.08.18"]
[Round "8"]
[White "Serio, Danilo"]
[Black "Sedani, Elisa"]
[Result "1-0"]
[WhiteElo "1588"]
[BlackElo "1479"]
[PlyCount "73"]
[EventDate "1999.08.11"]

1. e4 e5 2. Nf3 Nc6 3. d4 exd4 4. Bc4 Nf6 5. O-O Be7 6. e5 Ne4 7. c3 O-O 8.
cxd4 d5 9. exd6 Bxd6 10. Bd3 Nf6 11. Bg5 Bg4 12. Be2 Be7 13. Be3 Nd5 14. Nc3
Kh8 15. Qb3 Nxc3 16. bxc3 b6 17. h3 Bh5 18. Qb5 Bxf3 19. Bxf3 Na5 20. Bxa8 Qxa8
21. Bf4 Ba3 22. Rab1 Rd8 23. Rfe1 a6 24. Qf5 Qc6 25. Qe4 Qd7 26. Re3 Nc4 27.
Rg3 Re8 28. Qf3 Qf5 29. Qd3 Qxf4 30. Qxc4 Bd6 31. Qc6 Rd8 32. Re1 g6 33. Qf3
Qd2 34. Qf6+ Kg8 35. Qxd8+ Kg7 36. Rge3 Qxa2 37. Re8 1-0

[Event "VII C.to Italiano U20"]
[Site "Laveno-Mombello ITA"]
[Date "1999.08.18"]
[Round "8"]
[White "Tomba, Ivan"]
[Black "Galli, Fabio"]
[Result "1/2-1/2"]
[WhiteElo "2010"]
[BlackElo "2158"]
[PlyCount "47"]
[EventDate "1999.08.11"]

1. e4 c5 2. Nf3 d6 3. d4 cxd4 4. Nxd4 Nc6 5. Nc3 Nf6 6. Bc4 e6 7. Be3 Be7 8.
Bb3 O-O 9. O-O a6 10. f4 Qc7 11. Qf3 Nxd4 12. Bxd4 e5 13. Be3 exf4 14. Bxf4 Be6
15. Kh1 Qc6 16. Bxe6 fxe6 17. Qh3 Qc8 18. e5 Ne8 19. Rae1 dxe5 20. Bxe5 Rxf1+
21. Rxf1 Nf6 22. Re1 Qc4 23. Bxf6 Bxf6 24. Qxe6+ 1/2-1/2

[Event "VII C.to Italiano U20"]
[Site "Laveno-Mombello ITA"]
[Date "1999.08.18"]
[Round "8"]
[White "Trentini, Danilo"]
[Black "Castaldo, Folco"]
[Result "1/2-1/2"]
[WhiteElo "2100"]
[BlackElo "2225"]
[PlyCount "45"]
[EventDate "1999.08.11"]

1. d4 Nf6 2. c4 e6 3. Nc3 Bb4 4. e3 b6 5. Bd3 Bb7 6. Nf3 Ne4 7. O-O f5 8. Qc2
Bxc3 9. bxc3 O-O 10. Nd2 Nxd2 11. Bxd2 Qh4 12. f3 Nc6 13. g3 Qh5 14. e4 fxe4
15. fxe4 e5 16. d5 Ne7 17. c5 bxc5 18. Qb3 Rfb8 19. d6+ Bd5 20. Qc2 c4 21. dxe7
cxd3 22. Qxd3 Be6 23. c4 1/2-1/2

[Event "VII C.to Italiano U20"]
[Site "Laveno-Mombello ITA"]
[Date "1999.08.19"]
[Round "9"]
[White "Arnetta, Marianna"]
[Black "Trentini, Danilo"]
[Result "0-1"]
[WhiteElo "1714"]
[BlackElo "2100"]
[PlyCount "46"]
[EventDate "1999.08.11"]

1. e4 c6 2. d4 d5 3. exd5 cxd5 4. Bd3 Nc6 5. c3 Nf6 6. Nf3 Qc7 7. a4 Bg4 8.
Nbd2 e6 9. Qc2 Bd6 10. h3 Bh5 11. Nh4 O-O 12. Ndf3 Rac8 13. Qb1 Bg6 14. Nxg6
hxg6 15. O-O Na5 16. Bg5 Nc4 17. Rc1 a6 18. Bxc4 Qxc4 19. b3 Qc7 20. c4 dxc4
21. bxc4 Rfe8 22. Qb3 Nd7 23. Bh4 Bf4 0-1

[Event "VII C.to Italiano U20"]
[Site "Laveno-Mombello ITA"]
[Date "1999.08.19"]
[Round "9"]
[White "Biasoli, Marco"]
[Black "Frassoldati, Giacomo"]
[Result "0-1"]
[WhiteElo "1600"]
[BlackElo "1579"]
[PlyCount "57"]
[EventDate "1999.08.11"]

1. e4 c5 2. Nf3 e6 3. Nc3 a6 4. d3 Nc6 5. Be2 d6 6. Bf4 Nf6 7. Bg5 Be7 8. O-O
O-O 9. Qd2 Qb6 10. Rab1 Qc7 11. Rfd1 b5 12. a3 Bb7 13. Qf4 Nd4 14. Rd2 e5 15.
Qh4 b4 16. axb4 cxb4 17. Nxd4 bxc3 18. bxc3 exd4 19. cxd4 Bc8 20. Re1 h6 21.
Bxh6 gxh6 22. Qxh6 Nh7 23. Bh5 Bg5 24. Bxf7+ Rxf7 25. Qg6+ Rg7 26. Qe8+ Nf8 27.
f4 Qc3 28. Rde2 Qxd4+ 29. Kh1 0-1

[Event "VII C.to Italiano U20"]
[Site "Laveno-Mombello ITA"]
[Date "1999.08.19"]
[Round "9"]
[White "Castaldo, Folco"]
[Black "Tomba, Ivan"]
[Result "1-0"]
[WhiteElo "2225"]
[BlackElo "2010"]
[PlyCount "37"]
[EventDate "1999.08.11"]

1. e4 c5 2. Nc3 d6 3. f4 Nc6 4. Nf3 e6 5. g3 Nge7 6. Bg2 g6 7. d4 cxd4 8. Nxd4
a6 9. Be3 Bg7 10. O-O O-O 11. Qd2 Na5 12. b3 Qc7 13. Rad1 Rd8 14. f5 exf5 15.
exf5 Bxf5 16. Nxf5 Bxc3 17. Nxe7+ Kf8 18. Qd3 Kxe7 19. b4 1-0

[Event "VII C.to Italiano U20"]
[Site "Laveno-Mombello ITA"]
[Date "1999.08.19"]
[Round "9"]
[White "Delfino, Luigi"]
[Black "Bonzano, Maria Angela"]
[Result "1/2-1/2"]
[WhiteElo "1909"]
[BlackElo "1593"]
[PlyCount "29"]
[EventDate "1999.08.11"]

1. e4 c6 2. d4 d5 3. exd5 cxd5 4. Bd3 Nf6 5. Bf4 Bg4 6. Nf3 e6 7. c3 Nbd7 8.
O-O Be7 9. Nbd2 O-O 10. Qc2 Bxf3 11. Nxf3 h6 12. Rae1 a6 13. Ne5 Rc8 14. Qe2
Re8 15. Bb1 1/2-1/2

[Event "VII C.to Italiano U20"]
[Site "Laveno-Mombello ITA"]
[Date "1999.08.19"]
[Round "9"]
[White "Dorighet, Claudio"]
[Black "Ferro, Mario"]
[Result "0-1"]
[WhiteElo "2121"]
[BlackElo "1807"]
[PlyCount "46"]
[EventDate "1999.08.11"]

1. c4 e5 2. Nc3 Nf6 3. g3 d5 4. cxd5 Nxd5 5. Bg2 Be6 6. Nf3 Nd7 7. O-O c6 8. d4
exd4 9. Bg5 Be7 10. Bxe7 Qxe7 11. Qxd4 O-O 12. e4 Nb4 13. Rad1 Nb6 14. a3 Na6
15. e5 Nc4 16. Ne4 Rfd8 17. Qc3 Bd5 18. Rde1 Nc5 19. Nxc5 Qxc5 20. h4 Bxf3 21.
Bxf3 Qd4 22. Qxd4 Rxd4 23. Re3 Nxe3 0-1

[Event "VII C.to Italiano U20"]
[Site "Laveno-Mombello ITA"]
[Date "1999.08.19"]
[Round "9"]
[White "Galli, Fabio"]
[Black "Coratella, Giuseppe"]
[Result "1/2-1/2"]
[WhiteElo "2158"]
[BlackElo "2098"]
[PlyCount "21"]
[EventDate "1999.08.11"]

1. e4 e6 2. d4 d5 3. Nc3 Nf6 4. e5 Nfd7 5. f4 c5 6. Nf3 Qb6 7. Be3 Nc6 8. Be2
cxd4 9. Nxd4 Bc5 10. Na4 Qa5+ 11. c3 1/2-1/2

[Event "VII C.to Italiano U20"]
[Site "Laveno-Mombello ITA"]
[Date "1999.08.19"]
[Round "9"]
[White "Ganci, Fabrizio"]
[Black "Rouchouse, Stevens"]
[Result "1/2-1/2"]
[WhiteElo "1669"]
[BlackElo "2198"]
[PlyCount "20"]
[EventDate "1999.08.11"]

1. d4 d5 2. c4 c6 3. Nc3 Nf6 4. Bg5 e6 5. cxd5 exd5 6. e3 Be7 7. Nf3 O-O 8. Bd3
Nbd7 9. O-O Re8 10. Rc1 Ne4 1/2-1/2

[Event "VII C.to Italiano U20"]
[Site "Laveno-Mombello ITA"]
[Date "1999.08.19"]
[Round "9"]
[White "Genocchio, Daniele"]
[Black "Cacco, Christian"]
[Result "1-0"]
[WhiteElo "2291"]
[BlackElo "2292"]
[PlyCount "57"]
[EventDate "1999.08.11"]

1. e4 c5 2. Nf3 Nc6 3. Bb5 g6 4. O-O Bg7 5. Re1 Nf6 6. c3 O-O 7. d4 cxd4 8.
cxd4 d5 9. e5 Ne8 10. Nc3 Nc7 11. Be2 f6 12. exf6 exf6 13. Bf4 Ne6 14. Bg3 g5
15. h3 h5 16. Bd3 g4 17. hxg4 hxg4 18. Nh4 Nexd4 19. Rc1 Be6 20. Rxe6 Nxe6 21.
Qxg4 Ng5 22. Nxd5 Rf7 23. Rd1 Qf8 24. f4 Rd8 25. fxg5 Rxd5 26. Bh7+ Kxh7 27.
g6+ Kg8 28. Rxd5 Re7 29. Qc4 1-0

[Event "VII C.to Italiano U20"]
[Site "Laveno-Mombello ITA"]
[Date "1999.08.19"]
[Round "9"]
[White "Gianfrancesco, Alessandro"]
[Black "Pavanello, Diego"]
[Result "1/2-1/2"]
[WhiteElo "1624"]
[BlackElo "1609"]
[PlyCount "31"]
[EventDate "1999.08.11"]

1. d4 Nf6 2. Nf3 e6 3. Bg5 d5 4. e3 Nbd7 5. c4 Be7 6. Nc3 h6 7. Bh4 O-O 8. cxd5
exd5 9. Bd3 c6 10. O-O Re8 11. Rb1 Ne4 12. Bxe7 Qxe7 13. Qc2 Ndf6 14. Nd2 Nxd2
15. Qxd2 Ne4 16. Qc2 1/2-1/2

[Event "VII C.to Italiano U20"]
[Site "Laveno-Mombello ITA"]
[Date "1999.08.19"]
[Round "9"]
[White "Jovanovic, Zoran"]
[Black "Mazzilli, Piero"]
[Result "1-0"]
[WhiteElo "2310"]
[BlackElo "2131"]
[PlyCount "127"]
[EventDate "1999.08.11"]

1. d4 Nf6 2. Nf3 e6 3. c4 d5 4. Nc3 Be7 5. Bg5 O-O 6. e3 h6 7. Bxf6 Bxf6 8.
cxd5 exd5 9. Be2 Be6 10. O-O b6 11. Rc1 c5 12. dxc5 bxc5 13. Na4 c4 14. Nd4 Qa5
15. b3 cxb3 16. Qxb3 Bxd4 17. exd4 Nd7 18. Qb5 Qd2 19. Rfd1 Qxa2 20. Nc3 Qa3
21. Nxd5 Rab8 22. Qc4 Nb6 23. Nxb6 Rxb6 24. Qc5 Qxc5 25. dxc5 Rc6 26. Bf3 Rc7
27. c6 Rfc8 28. Rb1 Kf8 29. Rb7 Bc4 30. h4 a6 31. Kh2 Bb5 32. Rd8+ Rxd8 33.
Rxc7 Rb8 34. Bd5 Rd8 35. Rxf7+ Ke8 36. c7 Rxd5 37. Rf5 Kd7 38. Rxd5+ Kxc7 39.
Kg3 Kc6 40. Rd8 a5 41. Kf4 a4 42. Ke3 Kc5 43. Kd2 Bc4 44. Kc3 a3 45. Rd7 g6 46.
Rg7 a2 47. Kb2 Bd3 48. Kxa2 h5 49. Kb2 Kd4 50. Re7 Bf1 51. g3 Bh3 52. Kc2 Bg4
53. Kd2 Bf3 54. Ra7 Bg4 55. Ra4+ Ke5 56. Ke3 Bf5 57. Ra5+ Kf6 58. Kf4 Bc2 59.
Ra6+ Kf7 60. Kg5 Bd3 61. Ra7+ Kg8 62. Kf6 Be4 63. Rg7+ Kf8 64. Rxg6 1-0

[Event "VII C.to Italiano U20"]
[Site "Laveno-Mombello ITA"]
[Date "1999.08.19"]
[Round "9"]
[White "Loetscher, Roland"]
[Black "Costantini, Roberto"]
[Result "1/2-1/2"]
[WhiteElo "2209"]
[BlackElo "2196"]
[PlyCount "53"]
[EventDate "1999.08.11"]

1. d4 d5 2. c4 e6 3. Nc3 Be7 4. Nf3 Nf6 5. Bg5 O-O 6. e3 h6 7. Bh4 b6 8. Rc1
Bb7 9. Bxf6 Bxf6 10. cxd5 exd5 11. b4 c6 12. Be2 Re8 13. O-O Nd7 14. Qb3 Nf8
15. Rfd1 b5 16. a4 a6 17. a5 g6 18. Re1 Bg7 19. Nd1 Qd6 20. Nb2 Bc8 21. Nd3 Bf5
22. Nde5 Rac8 23. Bd3 Be6 24. Rc5 Nd7 25. Nxd7 Bxd7 26. Rb1 Rcd8 27. Qc2
1/2-1/2